| 000 | 00732nam a2200241 a 4500 | ||
|---|---|---|---|
| 001 | BRCA_4506 | ||
| 005 | 20190320204709.0 | ||
| 008 | 201010s1965----sw-a######---#000-0#fre-# | ||
| 041 | _afre | ||
| 044 | _afr | ||
| 050 | 4 |
_aNK7149 _b.G73 1965 |
|
| 245 | 1 | 0 |
_aLes Grands orfèvres de Louis XIII à Charles X _cPrèface de Jacques Helft. |
| 260 |
_aSuiza _bHachette _c1965 |
||
| 300 |
_a333 p. _bil. (algunas a color) _c30 cm. |
||
| 440 | 0 |
_aCollection Connaissance des Arts ´Grands Artisans d´Autrefois´ _911412 |
|
| 500 | _aCG14 | ||
| 504 | _aBibliografía: p. 333 | ||
| 650 | 1 | 4 |
_aOrfebrería _zFrancia _911413 |
| 650 | 1 | 4 |
_aOrfebrería _xHistoria _911414 |
| 700 | 1 |
_aHelft, Jacques _911415 |
|
| 902 | _aGFM | ||
| 942 |
_2lcc _cB |
||
| 999 |
_c4212 _d4212 |
||